Score 0/18 Timer 05:00
3 Plays Today
Question Answer Wrong Answers
Harry Potter Series
J.K. Rowling
Weasley Siblings
Bilius
82%
Ginny
3.1%
Charlie
5.8%
Percy
3.7%
Little Women
Louisa May Alcott
March Siblings
Lisa
81.1%
Meg
4.6%
Jo
3.9%
Amy
4.9%
Peter Pan; or, the Boy Who Wouldn't Grow Up
J. M. Barrie
Darling Siblings
James
74.4%
Wendy
2.2%
Michael
6.8%
John
11.4%
Little House on the Prairie
Laura Ingalls Wilder
Ingalls Siblings
Faith
66.1%
Laura
5%
Mary
4.4%
Carrie
18.5%
A Song of Ice and Fire
George R. R. Martin
Stark Siblings
George
60.5%
Arya
5.1%
Brandon
21.1%
Sansa
7.1%
King Lear
William Shakespeare
King Lear's Daughters
Astrid
59.2%
Cordelia
4.6%
Regan
16.6%
Goneril
13.6%
Pride and Prejudice
Jane Austen
Bennet Siblings
Margaret
56.9%
Jane
10.7%
Elizabeth
3%
Lydia
23.8%
A Series of Unfortunate Events
Lemony Snicket
Baudelaire Siblings
Marianne
55.1%
Violet
7.2%
Klaus
17.6%
Sunny
14.3%
Chronicles of Narnia
C.S. Lewis
Pevensie Siblings
Edward
54.5%
Peter
14.1%
Lucy
6.1%
Susan
19.9%
The Brothers Karamazov
Fyodor Dostoyevsky
Karamazov Siblings
Sasha
50.4%
Ivan
19.1%
Dmitri
10%
Alexei
13.9%
The Hunger Games
Suzanne Collins
Hawthorne Siblings
Mick
46.9%
Posy
19.9%
Gale
10.7%
Rory
16.8%
Iliad
Homer
Priam and Hecuba's Children
Callisto
45.2%
Cassandra
17.6%
Hector
11.8%
Paris
19.1%
Catcher in the Rye
J. D. Salinger
Caulfield Siblings
Celie
43.9%
Holden
6.4%
Phoebe
17.6%
Allie
25.6%
The Boxcar Children
Gertrude Chandler Warner
Alden Siblings
Jennifer
42.6%
Violet
18.9%
Benny
20.3%
Henry
11.4%
Gone With the Wind
Margaret Mitchell
O'Hara Siblings
Alice
37.6%
Scarlett
3%
Carreen
27.8%
Suellen
25.6%
The Grapes of Wrath
John Steinbeck
Joad Siblings
Andy
30.8%
Tom
8.4%
Noah
17.7%
Winfield
36.5%
The Sound and the Fury
William Faulkner
Compson Siblings
Jacob
25.9%
Caddy
22.6%
Quentin
23.1%
Benjy
21.5%
Three Sisters
Anton Chekhov
Sergeyevna Prozorova Siblings
Natalia
24.9%
Irina
13.4%
Masha
37.3%
Olga
18%
Remove Ads.
Support Sporcle.
Get the best of Sporcle when you Go Orange. This ad-free experience offers more features, more stats, and more fun while also helping to support Sporcle. Thank you for becoming a member.

You're not logged in!

Compare scores with friends on all Sporcle quizzes.
OR
Log In

Show Comments

Extras

Top Quizzes Today


Score Distribution

Your Account Isn't Verified!

In order to create a playlist on Sporcle, you need to verify the email address you used during registration. Go to your Sporcle Settings to finish the process.

Report this User

Report this user for behavior that violates our Community Guidelines.

Details: